000 00637nam a2200193Ia 4500
008 240729s9999 xx 000 0 und d
022 _a2666-2485
245 0 _aJournal of Power Sources Advances
260 _aUnited Kingdom
260 _bElsevier
650 _a Chemical technology
650 _a Electric apparatus and materials. Electric circuits. Electric networks
650 _a Electrical engineering. Electronics. Nuclear engineering
650 _a Industrial electrochemistry | Technology
650 _aTechnology
856 _uhttps://doaj.org/toc/0451fe3cac3840119010b94743b382f2
942 _2ddc
942 _cDOAJEJ
999 _c65561
_d65561
945 _a1
_bMadushi Gamage
_c1
_dMadushi Gamage